Sports Quiz

Random Sports or MLB Quiz

Did They Play More Games in the AL or NL? Quiz Stats

 Plays Quiz Updated Mar 27, 2019

Score 0/30 Timer 03:00
0 Plays Today
Player (A)L or (N)L? % Correct
Rickey Henderson???
94.9%
Ken Griffey Jr.???
85%
Benito Santiago???
83.4%
Roberto Alomar???
82.2%
Sammy Sosa???
81.7%
Eddie Murray???
81.3%
Magglio Ordonez???
81.1%
Kenny Lofton???
80%
Todd Zeile???
78.4%
A.J. Pierzynski???
78.3%
Adam Dunn???
77.3%
Moises Alou???
77%
Paul O'Neill???
76.5%
Will Clark???
75.6%
Carlos Baerga???
70.4%
Player (A)L or (N)L? % Correct
Orlando Cepeda???
69%
Dave Parker???
67.7%
Ken Singleton???
67.7%
Eric Davis???
67.6%
Dave Winfield???
67.1%
Buddy Bell???
64.6%
Tim Raines???
63.7%
Chris Chambliss???
63.6%
Jim Edmonds???
62.6%
Gary Sheffield???
58.1%
Mark McGwire???
52.2%
Kirk Gibson???
51.4%
Dick Allen???
46.3%
Bill Buckner???
41.2%
Frank Robinson???
38.4%

You're not logged in!

Compare scores with friends on all Sporcle quizzes.
OR
Log In

Sporcle TV

Today on Sporcle TV


Watch our educational content, quiz creation guides, and fun videos on Sporcle TV.

Show Comments

Extras

Top Quizzes Today


Score Distribution

Your Account Isn't Verified!

In order to create a playlist on Sporcle, you need to verify the email address you used during registration. Go to your Sporcle Settings to finish the process.

Report this User

Report this user for behavior that violates our Community Guidelines.

Details: